TB. OF OBSTETRICS NEONATOLOGY (Record no. 240)

MARC details
000 -LEADER
fixed length control field 00345nam a2200145Ia 4500
008 - FIXED-LENGTH DATA ELEMENTS--GENERAL INFORMATION
fixed length control field 150201s2004 xx 000 0 und d
082 ## - DEWEY DECIMAL CLASSIFICATION NUMBER
Classification number 618
Item number O04D
100 ## - MAIN ENTRY--PERSONAL NAME
Personal name DAWN, C.S.
245 ## - TITLE STATEMENT
Title TB. OF OBSTETRICS NEONATOLOGY
250 ## - EDITION STATEMENT
Edition statement 16TH
260 ## - PUBLICATION, DISTRIBUTION, ETC. (IMPRINT)
Name of publisher, distributor, etc. DAWN
Place of publication, distribution, etc. CALCUTTA
Date of publication, distribution, etc. 2004
300 ## - PHYSICAL DESCRIPTION
Extent 1-436
650 ## - SUBJECT ADDED ENTRY--TOPICAL TERM
Topical term or geographic name as entry element OBST & GYNAECOLOGY
942 ## - ADDED ENTRY ELEMENTS (KOHA)
Source of classification or shelving scheme Dewey Decimal Classification
Koha item type Books
Koha issues (borrowed), all copies 1
Holdings
Withdrawn status Lost status Source of classification or shelving scheme Damaged status Not for loan Collection code Home library Current library Shelving location Date acquired Source of acquisition Cost, normal purchase price SGTU Bill Number Total Checkouts Full call number Barcode Date last seen Bill Date Koha item type Date last checked out
    Dewey Decimal Classification     MEDICAL SGT Medical Library SGT Medical Library Text Book 10/02/2010 U.B.S. DELHI 390.00 SGTU 980   618 O04D FM1151 18/04/2017 14/03/2011 Books  
    Dewey Decimal Classification     MEDICAL SGT Medical Library SGT Medical Library Text Book 10/02/2010 U.B.S. DELHI 390.00 SGTU 980 1 618 O04D FM1152 02/11/2016 14/03/2011 Books 24/10/2016
    Dewey Decimal Classification     MEDICAL SGT Medical Library SGT Medical Library Text Book 10/02/2010 U.B.S. DELHI 390.00 SGTU 980 1 618 O04D FM1153 12/12/2016 14/03/2011 Books 03/12/2016
    Dewey Decimal Classification     MEDICAL SGT Medical Library SGT Medical Library Text Book 10/02/2010 U.B.S. DELHI 390.00 SGTU 980 1 618 O04D FM1154 21/09/2021 14/03/2011 Books 21/09/2021
    Dewey Decimal Classification     MEDICAL SGT Medical Library SGT Medical Library Text Book 10/02/2010 U.B.S. DELHI 390.00 SGTU 980 1 618 O04D FM1155 21/04/2017 14/03/2011 Books 19/04/2017
    Dewey Decimal Classification     MEDICAL SGT Medical Library SGT Medical Library Text Book 10/02/2010 U.B.S. DELHI 390.00 SGTU 980 3 618 O04D FM1156 30/03/2019 14/03/2011 Books 30/03/2019
    Dewey Decimal Classification     MEDICAL SGT Medical Library SGT Medical Library Text Book 10/02/2010 U.B.S. DELHI 390.00 SGTU 980   618 O04D FM1157 22/11/2019 14/03/2011 Books  
    Dewey Decimal Classification     MEDICAL SGT Medical Library SGT Medical Library Text Book 10/02/2010 U.B.S. DELHI 390.00 SGTU 980   618 O04D FM1158 09/02/2015 14/03/2011 Books  
    Dewey Decimal Classification     MEDICAL SGT Medical Library SGT Medical Library Text Book 10/02/2010 U.B.S. DELHI 390.00 SGTU 980 1 618 O04D FM1159 17/02/2022 14/03/2011 Books 03/02/2022
    Dewey Decimal Classification     MEDICAL SGT Medical Library SGT Medical Library Text Book 10/02/2010 U.B.S. DELHI 390.00 SGTU 980   618 O04D FM1160 09/02/2015 14/03/2011 Books  
    Dewey Decimal Classification     MEDICAL SGT Medical Library SGT Medical Library Text Book 10/02/2010 U.B.S. DELHI 390.00 SGTU 980 1 618 O04D FM1161 22/10/2019 14/03/2011 Books 22/10/2019
    Dewey Decimal Classification     MEDICAL SGT Medical Library SGT Medical Library Text Book 10/02/2010 U.B.S. DELHI 390.00 SGTU 980 2 618 O04D FM1162 09/05/2017 14/03/2011 Books 20/03/2017